00977cam a2200289za 450000100060000000300070000600500170001300700030003000800410003301600310007401700520010502000150015703500210017203500270019304000370022008000260025708000250028324501240030826000390043230000420047150000400051354600340055360000400058770000190062770000220064685200190066885792SpMaBN20260310151453.0ta260310s2006 sp | ||| ||fre 7 abimoBNE200609785982SpMaBN aB 7636-2006bOficina Depósito Legal Barcelona a8434310813 a(OCoLC)733706743 a(SpMaBN)bimo0002134013 aSpMaBNbspacSpMaBNerdcdM-RABA a929 Fenosa, Apel·les a73 Fenosa, Apel·les00aDocuments Fenosah[Texto impreso]cune sélection établie par = a choise realized by Nicole Fenosa, Bertrand Tillier aBarcelonab: Polígrafac, [2006] a189 p.b; principalmente il.c, 28 cm aCronología: p. 182-1988. Índice aTexto en francés e inglés17aFenosa, Apel·lesd1899-19882embne1 aFenosa, Nicole1 aTillier, Bertrand aM-RABAjI-1818